Score 0/267 Timer 08:00
0 Plays Today
Hint Answer % Correct
Romans
98.3%
countrymen
98.3%
me
98.1%
The
98.1%
the
98.1%
The
98.1%
a
98.1%
and
98.1%
and
98.1%
the
98.1%
and
98.1%
me.
98.1%
and
98.1%
the
98.1%
the
98.1%
and
98.1%
the
98.1%
a
98.1%
and,
98.1%
and
98.1%
me;
98.1%
the
98.1%
and
98.1%
me.
98.1%
you
97.8%
You
97.8%
You
97.8%
you
97.8%
I
97.5%
I
97.5%
I
97.5%
I
97.5%
I
97.5%
I
97.5%
I
97.5%
to
97.2%
to
97.2%
to
97.2%
to
97.2%
to
97.2%
to
97.2%
to
97.2%
to
97.2%
to
97.2%
to
97.2%
your
96.7%
lend
96.4%
ears.
96.4%
Friends
96.1%
not
96.1%
not
96.1%
not
96.1%
come
95.8%
come
95.8%
come
95.8%
Caesar
95%
Caesar.
95%
Caesar
95%
Caesar
95%
Caesar
95%
Caesar
95%
Caesar
95%
him.
94.4%
him
94.4%
him
94.4%
him?
94.4%
friend,
93.9%
praise
93.3%
is
93.3%
is
93.3%
is
93.3%
is
93.3%
is
93.3%
is
93.3%
bury
93.1%
do
92.5%
do
92.5%
men
91.7%
men -
91.7%
men
91.7%
that
91.4%
in
91.4%
in
91.4%
that
91.4%
in
91.4%
of
90.8%
of
90.8%
an
90.3%
an
90.3%
Hint Answer % Correct
an
90.3%
an
90.3%
with
90%
be
90%
with
90%
be
90%
with
90%
with
90%
it
89.4%
it
89.4%
it
89.4%
it.
89.4%
it
89.4%
good
89.2%
He
88.9%
he
88.9%
He
88.9%
he
88.9%
he
88.9%
he
88.9%
he
88.9%
Brutus
88.1%
Brutus
88.1%
Brutus
88.1%
Brutus
88.1%
Brutus
88.1%
Brutus
88.1%
Brutus
88.1%
Brutus
88.1%
Brutus
88.1%
am
88.1%
So
87.8%
so
87.8%
so
87.8%
evil
87.5%
their
87.5%
was
87.5%
was
87.5%
was
87.5%
was
87.5%
was
87.5%
was
87.5%
was
87.5%
their
87.5%
them;
86.7%
man;
86.4%
man.
86.4%
man.
86.4%
man.
86.4%
oft
85.6%
honourable
85%
honourable
85%
honourable
85%
honourable
85%
ambitious.
84.7%
ambitious
84.7%
ambitious?
84.7%
ambitious,
84.7%
ambitious,
84.7%
lives
84.4%
after
84.4%
bones.
84.2%
all;
83.1%
all
83.1%
all
83.1%
all
83.1%
interred
82.8%
let
82.2%
my
82.2%
my
82.2%
noble
81.9%
But
81.9%
but
81.9%
hath
81.4%
told
81.4%
hath
81.4%
hath
81.4%
hath
81.4%
If
80.8%
were
80.6%
-for
80.6%
for
80.6%
are
78.9%
they
78.6%
says
78.3%
says
78.3%
says
78.3%
fault
77.2%
speak
76.9%
Hint Answer % Correct
did
76.9%
Did
76.9%
did
76.9%
did
76.9%
speak
76.9%
speak
76.9%
did
76.9%
have
76.7%
have
76.7%
this
76.4%
this
76.4%
grievous
75.3%
on
75.3%
answer'd
75%
grievously
74.2%
Here
73.3%
here
73.3%
see
73.1%
ambition
71.1%
ambition?
71.1%
Rome
70.6%
just
70.3%
Yet
70%
Yet
70%
rest
69.4%
thrice
68.9%
thrice
68.9%
honourable
68.6%
When
68.6%
crown,
68.6%
funeral.
67.8%
what
67.8%
what
67.8%
What
67.8%
seem
67.2%
should
66.9%
brought
66.7%
know.
66.7%
Caesar's
66.4%
coffers
66.4%
love
66.4%
refuse:
66.1%
wept:
65.6%
made
65.6%
leave
65.3%
sterner
65.3%
stuff.
65.3%
fill:
65%
many
64.7%
general
64.7%
home
64.2%
poor
63.9%
cried,
63.9%
captives
63.6%
faithful
63.3%
which
63.3%
Lupercal
62.8%
kingly
61.9%
once,
61.9%
heart
61.9%
presented
61.7%
without
61.4%
cause.
61.1%
cause
61.1%
coffin
61.1%
under
60.8%
whose
60.8%
there
60.8%
sure,
60.6%
must
60.3%
mourn
60%
back
59.7%
ransoms
59.2%
disprove
57.2%
pause
57.2%
then
56.9%
spoke,
56.4%
brutish
53.9%
Bear
53.3%
Thou
53.1%
beasts
53.1%
till
53.1%
reason.
52.8%
lost
52.5%
Oh
50.3%
art
50.3%
fled
49.2%
withholds
47.8%
judgment!
43.6%

You're not logged in!

Compare scores with friends on all Sporcle quizzes.
OR
Log In

Sporcle TV

Today on Sporcle TV


Watch our educational content, quiz creation guides, and fun videos on Sporcle TV.

Show Comments

Extras

Created Oct 23, 2013ReportNominate
Tags:Antony, marc, Marc Antony, Roman, speech

Top Quizzes Today


Score Distribution

Paid Content

Your Account Isn't Verified!

In order to create a playlist on Sporcle, you need to verify the email address you used during registration. Go to your Sporcle Settings to finish the process.

Report this User

Report this user for behavior that violates our Community Guidelines.

Details: